[Event "Belt and Road Hunan op-C"]
[Site "Changsha"]
[Date "2019.08.01"]
[Round "7"]
[White "Liu, Aristo S"]
[Black "Dahal, Sushrut"]
[Result "1-0"]
[WhiteElo "1992"]
[BlackElo "1819"]
[PlyCount "109"]
[EventDate "2019.07.29"]
[EventType "swiss"]
[EventRounds "9"]
[EventCountry "CHN"]
[SourceTitle "EXT 2020"]
[Source "ChessBase"]
[SourceDate "2019.10.17"]
[SourceVersion "1"]
[SourceVersionDate "2019.10.17"]
[SourceQuality "1"]

1. e4 g6 2. d4 Bg7 3. Nc3 d6 4. Bc4 Nf6 5. Nf3 0-0 6. 0-0 c6 7. Bb3 Bg4 8. h3 Bxf3 9. Qxf3 e5 10. dxe5 dxe5 11. Rd1 Qe7 12. Bg5 h6 13. Be3 Nbd7 14. Rd2 Rfd8 15. Rad1 Nb6 16. Rxd8+ Rxd8 17. Rxd8+ Qxd8 18. Qg3 g5 19. Qxe5 Ng4 20. Bxb6 axb6 21. Bxf7+ Kxf7 22. Qf5+ Nf6 23. e5 Qd7 24. Qf3 Kg6 25. exf6 Bxf6 26. b3 Be5 27. g4 Kg7 28. Ne4 b5 29. Kg2 Qe7 30. Qe3 Bc7 31. Qd4+ Kg6 32. Qd3 Kg7 33. Qe3 Kg6 34. Qf3 Kg7 35. Qd3 Be5 36. Qe3 Bc7 37. Ng3 Qxe3 38. fxe3 Kf6 39. c3 b6 40. Kf3 c5 41. Ne2 Ke5 42. Nc1 Bd6 43. Nd3+ Ke6 44. Ke4 Bc7 45. Ne1 Be5 46. Kd3 Bg3 47. Nc2 Bd6 48. Na3 b4 49. cxb4 cxb4 50. Nc4 Bc5 51. Nd2 Be7 52. Nf3 Bc5 53. Nd4+ Kf6 54. Nf5 Kg6 55. Ke4 1-0

[Event "Belt and Road Hunan op-C"]
[Site "Changsha"]
[Date "2019.07.31"]
[Round "5"]
[White "Zhang, Siqi"]
[Black "Dahal, Sushrut"]
[Result "0-1"]
[WhiteElo "1520"]
[BlackElo "1819"]
[PlyCount "60"]
[EventDate "2019.07.29"]
[EventType "swiss"]
[EventRounds "9"]
[EventCountry "CHN"]
[SourceTitle "EXT 2020"]
[Source "ChessBase"]
[SourceDate "2019.10.17"]
[SourceVersion "1"]
[SourceVersionDate "2019.10.17"]
[SourceQuality "1"]

1. e4 g6 2. d4 Bg7 3. Nf3 d6 4. Bc4 c6 5. Nc3 Nf6 6. Bb3 0-0 7. 0-0 Bg4 8. h3 Bxf3 9. Qxf3 Nbd7 10. Be3 e5 11. d5 c5 12. Qe2 Nh5 13. g4 Nf4 14. Qf3 a6 15. Ne2 b5 16. Bxf4 exf4 17. c3 g5 18. Nc1 Ne5 19. Qd1 Qf6 20. f3 Rfb8 21. Ne2 a5 22. a3 h5 23. Kg2 a4 24. Ba2 Ng6 25. Qd2 Nh4+ 26. Kf2 Qh6 27. Rh1 Ng6 28. Bb1 hxg4 29. hxg4 Qxh1 30. Qe1 Qh2+ 0-1